Um passeio de bonde ; A nuvem ; O fantasma branco ; Nhô nhô ; Não sei / (Record no. 1546)

MARC details
000 -LÍDER
Campo Fixo de Controle 00777nam a2200205 a 4500
001 - NÚMERO DE CONTROLE
Campo de Controle 1546
003 - IDENTIFICAÇÃO DO NÚMERO DE CONTROLE
Campo de Controle BR-CuiBMT
005 - DATA E HORA DA ÚLTIMA ATUALIZAÇÃO
Campo de Controle 20231214225557.0
008 - DADOS FIXOS
Dados Fixos 231214b2010 dfb 000 0 por d
040 ## - AGÊNCIA CATALOGADORA
Código da Agência Catalogadora BR-CuiBMT
Agência que transcreveu o registro BR-CuiBMT
080 ## - Nº DA CLASSIFICAÇÃO DECIMAL UNIVERSAL
Nº edição CDU 2007
Nº Class. CDU 821.134.3
Subd. Auxiliar Comum (81)-34-056.262
090 ## - NÚMERO DE CHAMADA
Complemento Braile
Nº classificação 821.134.3(81)-34-056.262
Cutter A994p
100 1# - ENTRADA PRINCIPAL -- AUTOR PESSOAL
Nome pessoal Azevedo, Arthur
Datas associadas ao nome 1855-1908
245 13 - TÍTULO PRINCIPAL
Título principal Um passeio de bonde ; A nuvem ; O fantasma branco ; Nhô nhô ; Não sei /
Indicação de responsabilidade Arthur Azevedo.
Meio (DGM) [braile].
260 ## - PUBLICAÇÃO, DISTRIBUIÇÃO, ETC.
Local de publicação Brasília :
Editora SEEP ;
Data [2010?]
300 ## - DESCRIÇÃO FÍSICA
N. páginas ou volumes [33 p.] ;
Dimensões 28 cm
500 ## - NOTAS GERAIS
Notas gerais Transcrito em volume único para o sistema Braile pela Secretaria Especial de Editoração e Publicações do Senado Federal.
650 ## - ASSUNTO TÓPICO
Cabeçalho tópico ou nome geográfico Literatura Brasileira
Subdivisão de forma Braile
Subdivisão geral Contos
942 ## - ELEMENTOS DE ENTRADA ADICIONAIS (KOHA)
Fonte de classificação ou esquema de arquivamento Classificação Decimal Universal
Tipo de item do Koha Livros
Holdings
Estado: removido Estado: perdido Fonte de classificação ou esquema de arquivamento Estado: danificado Indisponível para empréstimo Localização permanente Localização atual Data de aquisição Total Checkouts Número de Chamada completo Código de barras Date last seen Número do exemplar Preço efetivo a partir de Tipo de item (Koha)
    Classificação Decimal Universal     Biblioteca da Escola Superior de Contas do TCE/MT Biblioteca da Escola Superior de Contas do TCE/MT 14/12/2023   821.134.3(81)-34-056.262 A994p BIBTCEMT23120522 14/12/2023 Ex. 1 14/12/2023 Livros

Powered by Koha